Loading...
| Current Events | 2 | 15.00 | 100% | 50% | 0% |
| Fine Arts - Classical Music | 2 | 20.00 | 100% | 100% | 0% |
| Fine Arts - Other Fine Arts | 4 | 12.50 | 100% | 25% | 0% |
| Fine Arts - Painting and Sculpture | 1 | 20.00 | 100% | 100% | 0% |
| History - American History | 4 | 12.50 | 100% | 0% | 25% |
| History - European History | 2 | 10.00 | 100% | 0% | 0% |
| History - Other History | 2 | 15.00 | 100% | 50% | 0% |
| History - World History | 2 | 5.00 | 50% | 0% | 0% |
| Literature - American Literature | 2 | 10.00 | 50% | 50% | 0% |
| Literature - British Literature | 4 | 5.00 | 25% | 25% | 0% |
| Literature - European Literature | 2 | 5.00 | 50% | 0% | 0% |
| Literature - World Literature | 3 | 13.33 | 67% | 67% | 0% |
| Mythology | 3 | 10.00 | 67% | 33% | 0% |
| Philosophy | 3 | 13.33 | 100% | 33% | 0% |
| Religion | 3 | 3.33 | 33% | 0% | 0% |
| Science - Chemistry | 4 | 2.50 | 25% | 0% | 0% |
| Science - Other Science | 3 | 10.00 | 100% | 0% | 0% |
| Science - Physics | 3 | 6.67 | 67% | 0% | 0% |
| Social Science | 1 | 10.00 | 100% | 0% | 0% |